<?xml version="1.0" encoding="UTF-8"?>
<record
    xmlns:xsi="http://www.w3.org/2001/XMLSchema-instance"
    xsi:schemaLocation="http://www.loc.gov/MARC21/slim http://www.loc.gov/standards/marcxml/schema/MARC21slim.xsd"
    xmlns="http://www.loc.gov/MARC21/slim">

  <leader>01234cam a22003131i 4500</leader>
  <controlfield tag="003">SA-RiAUC</controlfield>
  <controlfield tag="005">20250128134415.0</controlfield>
  <controlfield tag="008">250121s1998    su     g      000 0 ara c</controlfield>
  <datafield tag="020" ind1=" " ind2=" ">
    <subfield code="a">9960693236</subfield>
  </datafield>
  <datafield tag="020" ind1=" " ind2=" ">
    <subfield code="a">996693236</subfield>
  </datafield>
  <datafield tag="040" ind1=" " ind2=" ">
    <subfield code="a">SA-JeALM</subfield>
    <subfield code="b">ara</subfield>
    <subfield code="c">SA-RiAUC</subfield>
    <subfield code="e">rda</subfield>
  </datafield>
  <datafield tag="041" ind1="1" ind2=" ">
    <subfield code="a">ara</subfield>
    <subfield code="h">und</subfield>
  </datafield>
  <datafield tag="043" ind1=" " ind2=" ">
    <subfield code="a">ar-----</subfield>
  </datafield>
  <datafield tag="082" ind1="0" ind2="4">
    <subfield code="a">915.304</subfield>
    <subfield code="q">SA-RiAUC</subfield>
  </datafield>
  <datafield tag="090" ind1=" " ind2=" ">
    <subfield code="a">915.304  </subfield>
    <subfield code="b">  &#x646; &#x627; &#x643;</subfield>
  </datafield>
  <datafield tag="100" ind1="1" ind2=" ">
    <subfield code="a">&#x646;&#x627;&#x643;&#x627;&#x646;&#x648;&#x60C; &#x625;&#x64A;&#x62C;&#x64A;&#x631;&#x648;</subfield>
    <subfield code="e">&#x645;&#x624;&#x644;&#x641;.</subfield>
  </datafield>
  <datafield tag="245" ind1="1" ind2="2">
    <subfield code="a">&#x627;&#x644;&#x631;&#x62D;&#x644;&#x629; &#x627;&#x644;&#x64A;&#x627;&#x628;&#x627;&#x646;&#x64A;&#x629; &#x625;&#x644;&#x649; &#x627;&#x644;&#x62C;&#x632;&#x64A;&#x631;&#x629; &#x627;&#x644;&#x639;&#x631;&#x628;&#x64A;&#x629; 1358 &#x647;&#x640;-1939 &#x645; /</subfield>
    <subfield code="c">&#x62A;&#x623;&#x644;&#x64A;&#x641; &#x625;&#x64A;&#x62C;&#x64A;&#x631;&#x648; &#x646;&#x627;&#x643;&#x627;&#x646;&#x648; &#x61B; &#x62A;&#x631;&#x62C;&#x645;&#x629; &#x633;&#x627;&#x631;&#x629; &#x62A;&#x627;&#x643;&#x627;&#x647;&#x627;&#x634;&#x64A;.</subfield>
  </datafield>
  <datafield tag="250" ind1=" " ind2=" ">
    <subfield code="a">&#x627;&#x644;&#x637;&#x628;&#x639;&#x629; &#x627;&#x644;&#x62B;&#x627;&#x646;&#x64A;&#x629;.</subfield>
  </datafield>
  <datafield tag="264" ind1=" " ind2="1">
    <subfield code="a">&#x627;&#x644;&#x631;&#x64A;&#x627;&#x636; :</subfield>
    <subfield code="b">&#x62F;&#x627;&#x631;&#x629; &#x627;&#x644;&#x645;&#x644;&#x643; &#x639;&#x628;&#x62F; &#x627;&#x644;&#x639;&#x632;&#x64A;&#x632;&#x60C;</subfield>
    <subfield code="c">1999</subfield>
  </datafield>
  <datafield tag="300" ind1=" " ind2=" ">
    <subfield code="a">189 &#x635;&#x641;&#x62D;&#x629; &#x61B;</subfield>
    <subfield code="c">24 &#x633;&#x645;</subfield>
  </datafield>
  <datafield tag="336" ind1=" " ind2=" ">
    <subfield code="a">&#x646;&#x635;</subfield>
    <subfield code="b">txt</subfield>
    <subfield code="2">rdacontent</subfield>
    <subfield code="3">&#x643;&#x62A;&#x627;&#x628;</subfield>
  </datafield>
  <datafield tag="337" ind1=" " ind2=" ">
    <subfield code="a">&#x628;&#x62F;&#x648;&#x646; &#x648;&#x633;&#x64A;&#x637;</subfield>
    <subfield code="b">n</subfield>
    <subfield code="2">rdamedia</subfield>
  </datafield>
  <datafield tag="338" ind1=" " ind2=" ">
    <subfield code="a">&#x645;&#x62C;&#x644;&#x62F;</subfield>
    <subfield code="b">nc</subfield>
    <subfield code="2">rdacarrier</subfield>
  </datafield>
  <datafield tag="600" ind1="1" ind2="7">
    <subfield code="a">&#x646;&#x627;&#x643;&#x627;&#x646;&#x648;&#x60C; &#x625;&#x64A;&#x62C;&#x64A;&#x631;&#x648;</subfield>
    <subfield code="x">&#x631;&#x62D;&#x644;&#x627;&#x62A;</subfield>
    <subfield code="z">&#x634;&#x628;&#x647; &#x627;&#x644;&#x62C;&#x632;&#x64A;&#x631;&#x629; &#x627;&#x644;&#x639;&#x631;&#x628;&#x64A;&#x629;</subfield>
    <subfield code="2">aucnm</subfield>
  </datafield>
  <datafield tag="651" ind1=" " ind2="7">
    <subfield code="a">&#x634;&#x628;&#x647; &#x627;&#x644;&#x62C;&#x632;&#x64A;&#x631;&#x629; &#x627;&#x644;&#x639;&#x631;&#x628;&#x64A;&#x629;</subfield>
    <subfield code="x">&#x648;&#x635;&#x641; &#x648;&#x631;&#x62D;&#x644;&#x627;&#x62A;</subfield>
    <subfield code="2">aucsh</subfield>
  </datafield>
  <datafield tag="700" ind1="1" ind2=" ">
    <subfield code="a">&#x62A;&#x627;&#x643;&#x627;&#x647;&#x627;&#x634;&#x64A;&#x60C; &#x633;&#x627;&#x631;&#x629;</subfield>
    <subfield code="e">&#x645;&#x62A;&#x631;&#x62C;&#x645;.</subfield>
  </datafield>
  <datafield tag="942" ind1=" " ind2=" ">
    <subfield code="2">ddc</subfield>
    <subfield code="c">BOOK</subfield>
    <subfield code="n">0</subfield>
  </datafield>
  <datafield tag="949" ind1=" " ind2=" ">
    <subfield code="a">SA-JeALM</subfield>
    <subfield code="d">250121</subfield>
    <subfield code="u">osman123</subfield>
    <subfield code="n">1</subfield>
  </datafield>
  <datafield tag="952" ind1=" " ind2=" ">
    <subfield code="0">0</subfield>
    <subfield code="1">0</subfield>
    <subfield code="2">ddc</subfield>
    <subfield code="4">0</subfield>
    <subfield code="7">0</subfield>
    <subfield code="a">WAHAB</subfield>
    <subfield code="b">WAHAB</subfield>
    <subfield code="d">2025-01-28</subfield>
    <subfield code="l">0</subfield>
    <subfield code="o">915.304  &#x646; &#x627; &#x643;</subfield>
    <subfield code="p">000008669</subfield>
    <subfield code="r">2025-01-28 13:44:46</subfield>
    <subfield code="w">2025-01-28</subfield>
    <subfield code="y">BOOK</subfield>
  </datafield>
  <datafield tag="999" ind1=" " ind2=" ">
    <subfield code="c">5342</subfield>
    <subfield code="d">5342</subfield>
  </datafield>
</record>
